| Tag |
First Indicator |
Second Indicator |
Subfields |
| LEADER |
00000cam a2200000 a 4500 |
| 001 |
in00001375868 |
| 005 |
20151006085702.0 |
| 007 |
hd afa014baca |
| 008 |
910116s1949 dcu al f000 0 eng d |
| 035 |
|
|
|a (OCoLC)22969290
|
| 035 |
|
|
|9 AHJ7095AM
|
| 040 |
|
|
|a UPA
|c UPA
|d UtOrBLW
|
| 043 |
|
|
|a n-us---
|
| 049 |
|
|
|a TXAI
|
| 090 |
|
|
|a JK1108
|b .M35 reel 7
|
| 099 |
|
|
|a film
|a S
|a 1707
|a reel 7, fr. 0086).
|
| 100 |
1 |
|
|a Gilbert, William Harlen,
|d 1904-1988.
|
| 245 |
1 |
4 |
|a The proposed national health insurance legislation of the 79th, 80th and 81st Congresses :
|b selected information /
|c compiled by William H. Gilbert.
|
| 264 |
|
1 |
|a [Washington] :
|b [Library of Congress, Legislative Reference Service],
|c [1949]
|
| 300 |
|
|
|a 18 pages ;
|c 27 cm.
|
| 336 |
|
|
|a text
|b txt
|2 rdacontent
|
| 337 |
|
|
|a microform
|b h
|2 rdamedia
|
| 338 |
|
|
|a microfilm reel
|b hd
|2 rdacarrier
|
| 500 |
|
|
|a Cover title.
|
| 500 |
|
|
|a "June 1, 1949."
|
| 533 |
|
|
|a Microfilm.
|b Arlington, Va. :
|c University Publications of America,
|d 1975.
|e on 1 microfilm reel ; 35 mm. Low reduction.
|f (Major studies of the Legislative Reference Service/Congressional Research Service ; reel 7, fr. 0086).
|
| 539 |
|
|
|a s
|b 1975
|d dcu
|e n
|
| 500 |
|
|
|a Microform.
|
| 650 |
|
0 |
|a Health insurance
|x Law and legislation
|z United States.
|
| 710 |
2 |
|
|a Library of Congress.
|b Legislative Reference Service.
|
| 830 |
|
0 |
|a Major studies of the Legislative Reference Service/Congressional Research Service ;
|v reel 7, fr. 0086.
|
| 999 |
|
|
|a MARS
|
| 999 |
f |
f |
|s ee15f11c-657a-388f-a988-a3b86daea615
|i 538455d5-22e4-30c6-bafe-443677050fbd
|t 0
|
| 952 |
f |
f |
|p default
|a Texas A&M University
|b College Station
|c Sterling C. Evans Library
|d Evans: Microforms (3rd floor)
|t 0
|e film S 1707 reel 7, fr. 0086).
|h Other scheme
|i microform -- microfilm reel
|
| 998 |
f |
f |
|a film S 1707 reel 7, fr. 0086).
|t 0
|l Evans: Microforms (3rd floor)
|